00470 2200181 4500001002100000005001500021008004100036020001800077035001900095041000700114082001400121090002000135100002000155245003100175260003400206300001900240650002900259INLIS00000000001470820241224114809241224||||||||| | ||| |||| || |  a979-96055-1-2 0010-1224014708 aid0 a623.859 8 a623.859 8 SUG k0 aWartini Soegeng00aKEBANGSAAN KAPAL INDONESIA aBandungbRefika Aditamac2003 a163hlm;16x24cm 0aIlmu Teknik (Enjiniring)